00318nam a22001337a 4500003000400000020001800004082001900022100002600041245004700067250000800114260001900122300000800141650003500149SGT a9780323812832 a616.0757bP23C aConvissar, Robert A.  aPrinciples and practice of Laser Dentistry a3rd bElsevierc2023 a468 aOral & Maxillofacial Radiology